01363nab a22002897a 4500999001500000003000400015005001700019008004100036040000700077100003600084245029200120260007200412300001300484500003900497505008900536650002600625650003200651650002600683650003100709650003400740650002900774650003300803650003400836700004700870773014300917942001301060 c6040d6040OSt20260118204139.0190605e xxu||||| |||| 00| 0 spa d cPJ 96831aFarías Sayago, Facundo 13a¿La indemnización agravada o especial a la que alude el art. 182 de la ley 20.744 es aplicable a los casos de despidos por razones de maternidad —art. 178 LCT— cuando se trata de trabajadores del género masculino? /cFacundo Farías Sayago, María Belén Enríquez Pendino.  aCiudad Autónoma de Buenos Aires :bThomson Reuters La Ley,c2025. ap. 73-77 aCita: TR LALEY AR/DOC/2664/2025.  t¿Te interesa el texto completo? Solicitalo al correo: koha@justierradelfuego.gov.ar 091316aDERECHO LABORAL 093053aVIOLENCIA DE GÉNERO 09614aDERECHOS HUMANOS 091237aIGUALDAD ANTE LA LEY 091570aDERECHOS DEL TRABAJADOR 091487aTRABAJO DE MUJERES 091577aDISCRIMINACION LABORAL 094044aPERSPECTIVA DE GÉNERO 96832aEnríquez Pendino, María Belén 0 0271193168dCiudad Autónoma de Buenos Aires : Thomson Reuters La Ley, 1999-2002.tRevista de derecho del trabajo. Nº 6 - Noviembre 2025 2udccANA